| 000 | 00477nam a2200181 a 4500 | ||
|---|---|---|---|
| 001 | 1774864617339 | ||
| 003 | YourLibrary | ||
| 005 | 20260330153038.0 | ||
| 008 | 260330s2006##################000#0#eng## | ||
| 020 | _a9780205470112 | ||
| 082 | 0 | 4 |
_a361.0072 _bKRE |
| 100 | 1 |
_aKreuger, Larry, _eauthor. |
|
| 245 | 1 | 0 | _aSocial Work Research Methods : |
| 260 |
_bAllyn & Bacon, _c2006. |
||
| 650 | 0 | _aSocial service. | |
| 942 | _cENGLISH | ||
| 040 |
_aYourLibrary _beng _cYourLibrary |
||
| 999 |
_c618336 _d618336 |
||